| 000 | 00753cam a2200181 4500 | ||
|---|---|---|---|
| 001 | WS123999 | ||
| 008 | 031024n 000 0 eng u | ||
| 035 | _a(Sirsi) u123999 | ||
| 245 |
_aInternational Home Zones _h[electronic resource] |
||
| 520 | _aWeb site set up as a central forum and information point for the home zones concept, an attempt to strike a balance between vehicular traffic and other street users. Includes details of projects and legislation in the UK and the Netherlands. | ||
| 650 | _aHOME ZONES | ||
| 650 | _aINTERNATIONAL | ||
| 650 | _aLEGISLATION | ||
| 650 | _aNETHERLANDS | ||
| 690 | _aTRANSPORT AND COMMUNICATIONS | ||
| 856 | 4 | 0 |
_uhttps://www.homezones.org _zView the website free of charge at www.homezones.org |
| 942 | _n0 | ||
| 999 |
_c120334 _d120334 |
||